[Event "Porto San Giorgio op 23rd"]
[Site "Porto San Giorgio"]
[Date "2011.08.26"]
[Round "7"]
[White "Calavalle, Giulio"]
[Black "Maksimovic, Miodrag"]
[Result "1-0"]
[WhiteElo "2239"]
[BlackElo "2068"]
[PlyCount "74"]
[EventDate "2011.08.21"]
[EventType "swiss"]
[EventRounds "9"]
[EventCountry "ITA"]
[SourceTitle "CBM 144 Extra"]
[Source "ChessBase"]
[SourceDate "2011.10.28"]
[SourceVersion "1"]
[SourceVersionDate "2011.10.28"]
[SourceQuality "1"]

1. e4 e6 2. Nf3 d5 3. e5 c5 4. b4 cxb4 5. d4 Nc6 6. a3 Bd7 7. axb4 Bxb4+ 8. c3 Bf8 9. Bd3 f5 10. g4 g6 11. gxf5 gxf5 12. Ng5 Nce7 13. Qh5+ Ng6 14. Nxh7 N8e7 15. Rg1 Kf7 16. Bg5 Rg8 17. Bf6 Qb6 18. Ng5+ Ke8 19. Ra2 Qb3 20. Rd2 Kd8 21. Nxe6+ Bxe6 22. Rxg6 Rxg6 23. Qxg6 Kd7 24. Qh7 Ke8 25. Bc2 Qc4 26. h4 b5 27. Na3 Qc6 28. Qh5+ Kd7 29. Qd1 a6 30. Nb1 Bh6 31. Rd3 Rg8 32. Rg3 Rg4 33. Rxg4 fxg4 34. Bxe7 Kxe7 35. Qd3 Bf8 36. Qg6 Kd8 37. Bf5 Bxf5 1-0

[Event "Porto San Giorgio op 23rd"]
[Site "Porto San Giorgio"]
[Date "2011.08.22"]
[Round "2"]
[White "Maksimovic, Miodrag"]
[Black "Stella, Andrea"]
[Result "0-1"]
[WhiteElo "2068"]
[BlackElo "2412"]
[PlyCount "60"]
[EventDate "2011.08.21"]
[EventType "swiss"]
[EventRounds "9"]
[EventCountry "ITA"]
[SourceTitle "CBM 144 Extra"]
[Source "ChessBase"]
[SourceDate "2011.10.28"]
[SourceVersion "1"]
[SourceVersionDate "2011.10.28"]
[SourceQuality "1"]

1. e4 c5 2. Nf3 d6 3. d4 cxd4 4. Nxd4 Nf6 5. Nc3 a6 6. Be2 e5 7. Nb3 Be7 8. 0-0 0-0 9. Kh1 b6 10. f4 Bb7 11. Bf3 b5 12. Qe1 Nbd7 13. a4 b4 14. Nd5 Bxd5 15. exd5 a5 16. c4 bxc3 17. bxc3 Qc7 18. c4 Qxc4 19. Nd2 Qd4 20. Nb3 Qd3 21. Ra3 Qc4 22. Bd2 e4 23. Be2 Qxd5 24. Nxa5 Rfc8 25. Bb5 Bd8 26. Nb3 Bb6 27. Bc3 e3 28. Qa1 Ne4 29. Bd4 Rc2 30. Bxd7 Ng3+ 0-1

[Event "Fermo op 1st"]
[Site "Fermo"]
[Date "2010.08.25"]
[Round "5"]
[White "Leon Hoyos, Manuel"]
[Black "Maksimovic, Miodrag"]
[Result "1-0"]
[WhiteElo "2556"]
[BlackElo "2096"]
[PlyCount "91"]
[EventDate "2010.08.21"]
[EventType "swiss"]
[EventRounds "9"]
[EventCountry "ITA"]
[SourceTitle "CBM 138 Extra"]
[Source "ChessBase"]
[SourceDate "2010.10.29"]
[SourceVersion "1"]
[SourceVersionDate "2010.10.29"]
[SourceQuality "1"]

1. e4 Nf6 2. e5 Nd5 3. d4 d6 4. c4 Nb6 5. exd6 exd6 6. Bd3 Nc6 7. Ne2 Bg4 8. f3 Bh5 9. 0-0 Be7 10. Nbc3 0-0 11. b3 Bf6 12. Be3 Bg6 13. Qd2 d5 14. c5 Nc8 15. Bxg6 hxg6 16. f4 Qd7 17. h3 b6 18. Rad1 Nd8 19. g4 Re8 20. Kg2 c6 21. Ng1 Be7 22. Nf3 Ne6 23. b4 a5 24. a3 axb4 25. axb4 bxc5 26. bxc5 Nf8 27. Bf2 Bd8 28. Qc2 Ne7 29. Na4 Qa7 30. Ra1 Bc7 31. Bg3 Ne6 32. Qc1 g5 33. f5 Nf4+ 34. Bxf4 Bxf4 35. Qb2 Qc7 36. Rfe1 Kf8 37. Nb6 Rab8 38. Ne5 Kg8 39. Qc2 f6 40. Ned7 Rbd8 41. Qe2 Ng6 42. Qxe8+ Rxe8 43. Rxe8+ Kf7 44. Rc8 Qb7 45. fxg6+ Kxg6 46. Rca8 1-0

[Event "Porto San Giorgio op-A 21st"]
[Site "Porto San Giorgio"]
[Date "2009.08.23"]
[Round "3"]
[White "Passerotti, Pierluigi"]
[Black "Maksimovic, Miodrag"]
[Result "1-0"]
[WhiteElo "2302"]
[BlackElo "2041"]
[PlyCount "59"]
[EventDate "2009.08.21"]
[EventType "swiss"]
[EventRounds "9"]
[EventCountry "ITA"]
[SourceTitle "CBM 131 Extra"]
[Source "ChessBase"]
[SourceDate "2009.09.03"]
[SourceVersion "2"]
[SourceVersionDate "2009.09.16"]
[SourceQuality "1"]

1. d4 c5 2. c4 Nf6 3. Nf3 g6 4. Nc3 cxd4 5. Nxd4 Bg7 6. e4 d6 7. Be2 0-0 8. 0-0 Nc6 9. Be3 Bd7 10. Qd2 Rc8 11. f3 a6 12. Rfd1 Re8 13. Nxc6 Rxc6 14. Rac1 Be6 15. Nd5 Nd7 16. b4 Ne5 17. c5 Bxd5 18. exd5 Rc8 19. c6 bxc6 20. Bxa6 Ra8 21. Bb7 Ra3 22. dxc6 Qc7 23. b5 d5 24. b6 Qb8 25. Qxd5 e6 26. Qd2 Nd3 27. Qxd3 Rxd3 28. Rxd3 Be5 29. c7 Qxb7 30. Rd8 1-0

[Event "ITA-chT A2"]
[Site "ITA"]
[Date "1997.02.23"]
[Round "1"]
[White "Stornelli, Aldo"]
[Black "Maksimovic, Miodrag"]
[Result "0-1"]
[WhiteElo "1740"]
[BlackElo "1895"]
[PlyCount "116"]
[EventDate "1997.02.23"]
[EventType "team-tourn"]
[EventRounds "4"]
[EventCountry "ITA"]
[SourceTitle "EXT 2023"]
[Source "ChessBase"]
[SourceDate "2022.10.05"]
[SourceVersion "1"]
[SourceVersionDate "2022.10.05"]
[SourceQuality "1"]

1. d4 d5 2. Nf3 c6 3. c3 Bf5 4. Bf4 e6 5. e3 Qb6 6. Qb3 Nd7 7. Nbd2 Ngf6 8. h3 Be7 9. Be2 0-0 10. 0-0 a5 11. Ne5 h6 12. Ndf3 a4 13. Qxb6 Nxb6 14. Bd3 Ne4 15. Bxe4 Bxe4 16. Ne1 f6 17. N5d3 Nc4 18. Rd1 a3 19. b3 Nb2 20. Rd2 g5 21. Bg3 Nxd3 22. Nxd3 Rfc8 23. Nc5 b6 24. Nxe4 dxe4 25. f3 exf3 26. gxf3 Ra7 27. Kf2 Rd7 28. Rfd1 Rcd8 29. e4 e5 30. Ke3 exd4+ 31. cxd4 Bd6 32. Bxd6 Rxd6 33. Rd3 Kf7 34. Rc1 Kg6 35. Rf1 f5 36. Rfd1 fxe4 37. fxe4 Rf6 38. R1d2 Rdf8 39. Re2 Rf1 40. Kd2 R8f2 41. Ke3 Rf3+ 42. Kd2 Kf6 43. Rxf3+ Rxf3 44. Re3 Rf2+ 45. Re2 Rxe2+ 46. Kxe2 c5 47. dxc5 bxc5 48. Ke3 h5 49. Ke2 Ke5 50. Ke3 g4 51. h4 g3 52. Kf3 g2 53. Kxg2 Kxe4 54. Kf2 Kf4 55. Ke2 Kg4 56. Ke3 Kxh4 57. Kf4 Kh3 58. Kf3 h4 0-1